ഹോ ചി മിൻറെ നാട്ടിൽ (Record no. 178283)
[ view plain ]
| 000 -LEADER | |
|---|---|
| fixed length control field | 00641nam a22002057a 4500 |
| 003 - CONTROL NUMBER IDENTIFIER | |
| control field | dpl |
| 005 - DATE AND TIME OF LATEST TRANSACTION | |
| control field | 20210324125712.0 |
| 008 - FIXED-LENGTH DATA ELEMENTS--GENERAL INFORMATION | |
| fixed length control field | 210324b ||||| |||| 00| 0 eng d |
| 010 ## - LIBRARY OF CONGRESS CONTROL NUMBER | |
| LC control number | MAL-9253 |
| 020 ## - INTERNATIONAL STANDARD BOOK NUMBER | |
| International Standard Book Number | 978-81-8267-727-2 |
| Terms of availability | 175.00 |
| 035 ## - SYSTEM CONTROL NUMBER | |
| System control number | MA-8710 |
| 040 ## - CATALOGING SOURCE | |
| Transcribing agency | DBAD BOOKS |
| 082 ## - DEWEY DECIMAL CLASSIFICATION NUMBER | |
| Classification number | 910.4 |
| Item number | GEO |
| 100 ## - MAIN ENTRY--PERSONAL NAME | |
| Personal name | ജോർജ് ടി.ജെ.എസ്. |
| 245 ## - TITLE STATEMENT | |
| Title | ഹോ ചി മിൻറെ നാട്ടിൽ |
| 260 ## - PUBLICATION, DISTRIBUTION, ETC. (IMPRINT) | |
| Place of publication, distribution, etc | Kozhikode, Kerala, India |
| Name of publisher, distributor, etc | The Mathrubhumi Printing & Publishing Co. Ltd |
| Date of publication, distribution, etc | 2019 |
| 270 ## - ADDRESS | |
| Address | MM Press,Cherootty Road,Kozhikode |
| Postal code | 673001 |
| 300 ## - PHYSICAL DESCRIPTION | |
| Extent | 143p |
| Dimensions | 21cm |
| 942 ## - ADDED ENTRY ELEMENTS (KOHA) | |
| Source of classification or shelving scheme | Dewey Decimal Classification |
| Koha item type | Malayalam Bks |
| Call number suffix | 910.4 GEO |
| Withdrawn status | Lost status | Source of classification or shelving scheme | Damaged status | Not for loan | Collection code | Home library | Current library | Date acquired | Source of acquisition | Cost, normal purchase price | Total Checkouts | Full call number | Barcode | Date last seen | Copy number | Cost, replacement price | Price effective from | Koha item type |
|---|---|---|---|---|---|---|---|---|---|---|---|---|---|---|---|---|---|---|
| Dewey Decimal Classification | Not For Loan | Non-fiction | D.B.Act.Division | D.B.Act.Division | 24/03/2021 | DBAD/PUB | 175.00 | 910.4 GEO | MA-8710 | 24/03/2021 | 1 | 175.00 | 24/03/2021 | Malayalam Bks |
